Model making / (Record no. 9745)

000 -LEADER
fixed length control field 00970cam a2200265 a 4500
003 - CONTROL NUMBER IDENTIFIER
control field OSt
005 - DATE AND TIME OF LATEST TRANSACTION
control field 20220111201251.0
008 - FIXED-LENGTH DATA ELEMENTS--GENERAL INFORMATION
fixed length control field 101209s2011 nyua b 000 0 eng
020 ## - INTERNATIONAL STANDARD BOOK NUMBER
International Standard Book Number 9781568988702 (alk. paper)
042 ## - AUTHENTICATION CODE
Authentication code pcc
082 00 - DEWEY DECIMAL CLASSIFICATION NUMBER
Classification number 720.28
Edition number 22
Item number MEG
100 1# - MAIN ENTRY--PERSONAL NAME
Personal name Werner, Megan.
245 10 - TITLE STATEMENT
Title Model making /
Statement of responsibility, etc Megan Werner.
250 ## - EDITION STATEMENT
Edition statement 1st ed.
260 ## - PUBLICATION, DISTRIBUTION, ETC. (IMPRINT)
Place of publication, distribution, etc New York :
Name of publisher, distributor, etc Princeton Architectural Press,
Date of publication, distribution, etc c2011.
300 ## - PHYSICAL DESCRIPTION
Extent 159 p. :
Other physical details ill. (chiefly col.) ;
Dimensions 22 cm.
490 1# - SERIES STATEMENT
Series statement The architecture brief series
504 ## - BIBLIOGRAPHY, ETC. NOTE
Bibliography, etc Includes bibliographical references (p. 157).
505 0# - FORMATTED CONTENTS NOTE
Formatted contents note Concept blocks -- Materials -- Tools -- Applied technologies -- Tips and techniques -- Architectural concepts -- Models.
650 #0 - SUBJECT ADDED ENTRY--TOPICAL TERM
Topical term or geographic name as entry element Architectural models.
830 #0 - SERIES ADDED ENTRY--UNIFORM TITLE
Uniform title Architecture briefs.
906 ## - LOCAL DATA ELEMENT F, LDF (RLIN)
a 7
b cbc
c orignew
d 1
e ecip
f 20
g y-gencatlg
942 ## - ADDED ENTRY ELEMENTS (KOHA)
Source of classification or shelving scheme
955 ## - COPY-LEVEL INFORMATION (RLIN)
Book number/undivided call number, CCAL (RLIN) rc14 2010-12-09;
Copy information and material description, CCAL + MDES (RLIN) rc14 2010-12-09 to Subj.
Classification number, CCAL (RLIN) xn02 2011-12-15 1 copy rec'd., to CIP ver.
Holdings
Withdrawn status Lost status Source of classification or shelving scheme Damaged status Koha normalized classification for sorting Not for loan Permanent location Current location Date acquired Source of acquisition Cost, normal purchase price Full call number Barcode Date last seen Cost, replacement price Price effective from Koha item type
        720_280000000000000_WER   BMS College of Architecture, Design and Planning BMS College of Architecture, Design and Planning 2022-01-11 3 1307.23 720.28 WER AR-UG2328 2022-01-11 1951.09 2022-01-11 UG Books
        720_280000000000000_WER   BMS College of Architecture, Design and Planning BMS College of Architecture, Design and Planning 2022-01-11 3 1307.23 720.28 WER AR-UG2331 2022-01-11 1951.09 2022-01-11 UG Books
        720_280000000000000_WER   BMS College of Architecture, Design and Planning BMS College of Architecture, Design and Planning 2022-01-11 3 1307.23 720.28 WER AR-UG2327 2022-01-11 1951.09 2022-01-11 UG Books
        720_280000000000000_WER   BMS College of Architecture, Design and Planning BMS College of Architecture, Design and Planning 2022-01-11 3 1307.23 720.28 WER AR-UG2329 2022-01-11 1951.09 2022-01-11 UG Books
        720_280000000000000_WER   BMS College of Architecture, Design and Planning BMS College of Architecture, Design and Planning 2022-01-11 3 1307.23 720.28 WER AR-UG2330 2022-01-11 1951.09 2022-01-11 UG Books
Copyright © 2025, The Librarian, Library and Information Centre, BMSCA D&P, Bengaluru. All Rights Reserved
web counter

Powered by Koha